000 00712nam a2200253 i 4500
003 DO-SdBNP
005 20260528100325.0
007 ta
008 260528b2025 dr ||||| |||| 00| 0 spa d
020 _a9789945512892
040 _aDO-SdBNP
_bspa
_cBNPHU
_erda
041 _aspa
082 4 _axxx
_bC399e
_222
100 _aCepada, Héctor,
_eautor
_4aut.
_989781
245 1 3 _aLa espera /
_cHéctor Cepeda
264 4 _aSanto Domingo :
_bPublicaciones Libertad,
_c©2025.
300 _a179 páginas ;
_c22 cm.
336 _atexto
_btxt
_2rdacontent
337 _asin mediación
_bn
_2rdamedia
338 _avolumen
_bnc
_2rdacarrier
590 _aInventariado, 2026/BT
910 _aBtavárez
942 _2ddc
_cLBS1
999 _c60831
_d60831